'E' Celebrity Images Quiz Stats

 Plays Quiz Updated Oct 28, 2018

Support Sporcle.
Go Orange.
Score 0/20 Timer 06:00
3 Plays Today
% Correct
Clint Eastwood
86.5%
Zac Efron
70.7%
Emilio Estevez
67.4%
Carmen Electra
52.4%
Patrick Ewing
51%
Jesse Eisenberg
49.7%
Cary Elwes
46.8%
Erik Estrada
46.4%
Gloria Estefan
45.8%
Missy Elliott
45.1%
% Correct
John Elway
44.1%
Jenna Elfman
43.1%
Michael Eisner
36.1%
Anthony Edwards
35.2%
Sheena Easton
30.8%
Linda Evans
30.7%
Bob Eubanks
26.8%
Shannon Elizabeth
25.9%
Idris Elba
24.5%
Theo Epstein
12.3%

You're not logged in!

Compare scores with friends on all Sporcle quizzes.
OR
Log In

From the Vault

2-Word Movie Pictograms

by zaphenath

If it only takes two pictures to represent an entire movie, what the heck are they spending all that money on?
Remove Ads.
Support Sporcle.
Get the best of Sporcle when you Go Orange. This ad-free experience offers more features, more stats, and more fun while also helping to support Sporcle. Thank you for becoming a member.

Show Comments

Extras

Top Quizzes Today


Score Distribution

Your Account Isn't Verified!

In order to create a playlist on Sporcle, you need to verify the email address you used during registration. Go to your Sporcle Settings to finish the process.

Report this User

Report this user for behavior that violates our Community Guidelines.

Details: